000 00719cas a2200229 a 4500
999 _c643
_d643
001 9210
003 BD-DhUAP
005 20210118130201.0
008 200126d2003 fr ar bs 0 0eng c
020 _a9231039148
040 _aBD-DhUAP
_bEng
_cBD-DhUAP
_dBD-DhUAP
082 0 4 _a379.26 GEN
_223
245 0 0 _aGender and education for all :
_bthe leap to equality.
260 _aParis :
_bUNESCO Publishing,
_cc2003 [2004].
300 _a416 pages :
_billustrations ;
_c28 cm.
490 _aEFA global monitoring report, 2003/04.
504 _aIncludes bibliographical reference.
650 0 _aEducation
_vStatistics
_vPeriodicals.
650 0 _aEducation and state
_vPeriodicals.
710 _aUNESCO.
942 _2ddc
_cBK